• 首页
  • 本馆介绍
  • 公告通知
  • 最新文献
  • 馆藏检索
  • 电子资源
  • 读者导购
  • 参考咨询
  • 我的图书馆
  • 登录
  • 详细信息显示
  • 放入我的书架
  • 预约/预借图书
  • 作者相关作品
  • 分类相关作品
  • 丛书相关作品
  • 出版社相关作品

书目信息

  • 表格格式
  • 工作单格式
  • 卡片格式
题名:
北方农业节水理论与技术研究
    
 
作者: 王殿武 , 迟道才 , 张玉龙 编著
分册:  
出版信息: 北京   中国水利水电出版社  2009
页数: 610页
开本: 26cm
丛书名:
单 册:
中图分类: S275
科图分类:
主题词: 农田灌溉--节约用水--研究--中国
电子资源:
ISBN: 978-7-5084-5974-5
000 00954nam0 2200253 450
001 012015000658
005 20150914161501.54
010    @a978-7-5084-5974-5@dCNY115.00
100    @a20150620d2009 em y0chiy50 ea
101 0  @achi
102    @aCN@b110000
105    @ay z 000yy
106    @ar
200 1  @a北方农业节水理论与技术研究@Abei fang nong ye jie shui li lun yu ji shu yan jiu@f王殿武,迟道才,张玉龙等编著
210    @a北京@c中国水利水电出版社@d2009
215    @a610页@d26cm
330    @a本书对农业节水灌溉理论、工程节水、农艺节水、管理节水及农业节水评价等方面进行了系统深入的研究,构建了先进、实用、具有北方特色的农业节水理论和技术集成体系。
606 0  @a农田灌溉@x节约用水@x研究@y中国
690    @aS275@v5
701  0 @a王殿武@Awang dian wu@f(1962.7~)@4编著
701  0 @a迟道才@Achi dao cai@f(1964.11~)@4编著
701  0 @a张玉龙@Azhang yu long@c(农业)@4编著
801  0 @aCN@b碧洲教育@c20150718
905    @a10447@f2@dS275@e47
    
    北方农业节水理论与技术研究/王殿武,迟道才,张玉龙等编著 .-北京:中国水利水电出版社,2009
    610页;26cm
    
    
    ISBN 978-7-5084-5974-5:CNY115.00
    本书对农业节水灌溉理论、工程节水、农艺节水、管理节水及农业节水评价等方面进行了系统深入的研究,构建了先进、实用、具有北方特色的农业节水理论和技术集成体系。
●
相关链接 在E读中查询图书 在五车中查询图书 在当当中查询图书 在豆瓣中查询图书


正题名:北方农业节水理论与技术研究     索取号:S275/47         预约/预借

序号 登录号 条形码 馆藏地/架位号 状态 备注
1 0848539   208485398   第二样本阅览室/ [索取号:S275/47] 在馆    
2 0848540   208485405   第三借阅区/ [索取号:S275/47] 在馆    
唐山师范学院图书馆 欢迎您!
大连网信软件有限公司© 版权所有